| 000 | 00549nam a22001817a 4500 | ||
|---|---|---|---|
| 005 | 20231103133704.0 | ||
| 008 | 230721b |||||||| |||| 00| 0 eng d | ||
| 020 | _a9781844803248 | ||
| 082 |
_a646.724 _bSOR |
||
| 100 | _aSorbie,Trevor | ||
| 245 |
_aTrevor Sorbie - The bridal hair book : _b24 step-by-step techniques / _cTrevor Sorbie, Jacki Wadeson : Photography by Barry Cook |
||
| 260 |
_bThomson Learning, _cc2006. _aUK : |
||
| 300 | _a141p . | ||
| 500 | _aInclude Index. | ||
| 650 | _aArchitecture | ||
| 700 | _aJacki Wadeson | ||
| 999 |
_c33117 _d33117 |
||